Todas as Novelas das 9 da Globo no Século XXI - Statistics

Estatísticas Gerais
  • Esse quiz foi jogado 151 vezes
  • A pontuação média é 24 de 39
Estatísticas das Respostas
Autor(a) Início Término Novela % Correto
João Emanuel Carneiro 26 de março de 2012 19 de outubro de 2012 Avenida Brasil
90%
Bruno Luperi 28 de março de 2022 7 de outubro de 2022 Pantanal
81%
Gloria Perez 22 de outubro de 2012 17 de maio de 2013 Salve Jorge
77%
Glória Perez 1 de outubro de 2001 14 de junho de 2002 O Clone
76%
Glória Perez 19 de janeiro de 2009 11 de setembro de 2009 Caminho das Índias
73%
Aguinaldo Silva 21 de julho de 2014 13 de março de 2015 Império
73%
Glória Perez 14 de março de 2005 4 de novembro de 2005 América
69%
Aguinaldo Silva 22 de agosto de 2011 23 de março de 2012 Fina Estampa
69%
Manoel Carlos 5 de junho de 2000 2 de fevereiro de 2001 Laços de Família
69%
João Emanuel Carneiro 2 de junho de 2008 16 de janeiro de 2009 A Favorita
68%
Gloria Perez 3 de abril de 2017 20 de outubro de 2017 A Força do Querer
67%
Walcyr Carrasco 20 de maio de 2013 31 de janeiro de 2014 Amor à Vida
67%
João Emanuel Carneiro 31 de agosto de 2015 11 de março de 2016 A Regra do Jogo
67%
Manoel Carlos 14 de setembro de 2009 14 de maio de 2010 Viver a Vida
67%
Walcyr Carrasco 20 de maio de 2019 22 de novembro de 2019 A Dona do Pedaço
66%
Bruno Luperi 22 de janeiro de 2024 6 de setembro de 2024 Renascer
65%
Gilberto Braga, Ricardo Linhares 16 de março de 2015 28 de agosto de 2015 Babilônia
64%
Manuela Dias 25 de novembro de 2019 9 de abril de 2021 Amor de Mãe
63%
Aguinaldo Silva 28 de junho de 2004 11 de março de 2005 Senhora do Destino
63%
Gloria Perez 10 de outubro de 2022 5 de maio de 2023 Travessia
63%
Walcyr Carrasco 23 de outubro de 2017 11 de maio de 2018 O Outro Lado do Paraíso
61%
Manoel Carlos 17 de fevereiro de 2003 10 de outubro de 2003 Mulheres Apaixonadas
60%
Manoel Carlos 3 de fevereiro de 2014 18 de julho de 2014 Em Familia
59%
João Emanuel Carneiro 14 de maio de 2018 9 de novembro de 2018 Segundo Sol
59%
Sílvio de Abreu 17 de maio de 2010 14 de janeiro de 2011 Passione
58%
Aguinaldo Silva 12 de novembro de 2018 17 de maio de 2019 O Sétimo Guardião
57%
Benedito Ruy Barbosa, Edmara Barbosa e Bruno Luperi 14 de março de 2016 30 de setembro de 2016 Velho Chico
57%
Gilberto Braga 13 de outubro de 2003 25 de junho de 2004 Celebridade
56%
Walcyr Carrasco 8 de maio de 2023 19 de janeiro de 2024 Terra e Paixão
54%
Manoel Carlos 10 de julho de 2006 2 de março de 2007 Páginas da Vida
53%
Maria Adelaide Amaral eVincent Villari 3 de outubro de 2016 31 de março de 2017 A Lei do Amor
52%
Aguinaldo Silva 1 de outubro de 2007 31 de maio de 2008 Duas Caras
52%
Gilberto Braga, Ricardo Linhares 5 de março de 2007 28 de setembro de 2007 Paraíso Tropical
52%
Sílvio de Abreu 7 de novembro de 2005 7 de julho de 2006 Belíssima
50%
Gilberto Braga, Ricardo Linhares e João Ximenes Braga 17 de janeiro de 2011 19 de agosto de 2011 Insensato Coração
48%
João Emanuel Carneiro 9 de setembro de 2024 Sem Previsão Mania de Você
46%
Aguinaldo Silva eRicardo Linhares 5 de fevereiro de 2001 28 de setembro de 2001 Porto dos Milagres
46%
Lícia Manzo 8 de novembro de 2021 25 de março de 2022 Um Lugar ao Sol
45%
Benedito Ruy Barbosa eWalcyr Carrasco 17 de junho de 2002 14 de fevereiro de 2003 Esperança
42%
Nenhum quiz correspondente encontrado
Distribuição das Pontuações
Porcentagem de Pessoas com Cada Pontuação
Percentil de Números Respondidos
Sua Pontuação Histórica
Você não jogou esse quiz